000 00641nam a2200181 4500
001 140438
003 ES-MaACL
005 20230906200058.0
007 t|
008 070214s1959 sp r ||||1| spa d
100 1 _aSchweitzer, Paul H.
_9104899
245 1 3 _aEl barrido de los motores diesel de dos tiempos /
_cPaul H. Schweitzer ; versión española ampliada de Miguel de Aldecoa ; prólogo de Enrique Freixa Pedrals.
260 _aBarcelona :
_bLabor,
_c1959.
300 _aXVI, 339 p. :
_bil. ;
_c25 cm.
700 1 _aAldecoa, Miguel de.
_919630
700 1 _aFreixa Pedrals, Enrique.
_952477
852 _aES-MaACL
_jC-16858
_bR.44843
999 _c140438
_d140438